000 00733nam a2200253Ia 4500
005 20260429111843.0
008 260429s9999||||xx |||||||||||||| ||und||
020 _a9789358992090
041 _aEnglish
082 _a632.3
_bKHA
100 _aKhatoon, Halima
245 0 _aFungal diseases and their management in horticulture crops /
_cHalima Khatoon
250 _a1st ed.
260 _aNew Delhi :
_bElite Publishing House,
_c2025.
300 _avii, 318 p.; hb
650 _a Crop management
650 _a Fungal diseases
650 _aAgriculture
700 _a Chavan, Dharmappa D
700 _a Daniel, Gurumayum Robert
700 _a Devi, Nongthombam Olivia
700 _a Sathiyaseelan, Kumar
942 _cTB
999 _c51148
_d51148